• 首页
  • 本馆介绍
  • 公告通知
  • 最新文献
  • 馆藏检索
  • 电子资源
  • 读者导购
  • 参考咨询
  • 我的图书馆
  • 登录
  • 详细信息显示
  • 放入我的书架
  • 预约/预借图书
  • 作者相关作品
  • 分类相关作品
  • 丛书相关作品
  • 出版社相关作品

书目信息

  • 表格格式
  • 工作单格式
  • 卡片格式
题名:
排球竞赛规则
    
 
作者: ;国家体委 审定
分册:  
出版信息: 北京   人民体育出版社  1986
页数: 51页
开本: 19cm
丛书名:
单 册:
中图分类: G842.4
科图分类:
主题词: 排球运动--竞赛规则--中国--1984~1988
电子资源:
ISBN: 7015.2329
000 00824nam0 2200241 450
001 0186017542
005 20100712221755.0
010    @a7015.2329@dCNY0.38
091    @a7015.2329@d¥0.38
100    @a19900802d1986 em y0chiy0110 ea
101 0  @achi
102    @aCN@b110000
105    @ay z 000yy
106    @ar
200 1  @a排球竞赛规则@9Pai Qiu Jing Sai Gui Ze @e1984~1988@f中华人民共和国体育运动委员会审定
210    @a北京@c人民体育出版社@d1986
215    @a51页@d19cm
300    @a根据国际排联制定的1984~1988年的国际排球竞赛规则,在1982~1984年《排球竞赛规则》基础上,进行修改和补充的,经国家体委审定,在全国执行
606 0  @a排球运动@x竞赛规则@y中国@z1984~1988
690    @aG842.4@v3
711 02 @a国家体委@9guo jia ti wei@4审定
801  0 @aCN@bAzMarc@c20130904
905    @aBZT@dG842.4@e79@f2@sG842.4/79
    
    排球竞赛规则:1984~1988/中华人民共和国体育运动委员会审定.-北京:人民体育出版社,1986
    51页;19cm
    根据国际排联制定的1984~1988年的国际排球竞赛规则,在1982~1984年《排球竞赛规则》基础上,进行修改和补充的,经国家体委审定,在全国执行
    
    ISBN 7015.2329:CNY0.38
    
●
相关链接 在五车中查询图书 在当当中查询图书 在豆瓣中查询图书


正题名:排球竞赛规则     索取号:G842.4/79         预约/预借

序号 登录号 条形码 馆藏地/架位号 状态 备注
1 2000087799   2000087799   旧书回溯/ [索取号:G842.4/79] 在馆    
2 2000087804   2000087804   旧书回溯/ [索取号:G842.4/79] 在馆    
山东省滨州职业学院图书馆 欢迎您!
大连网信软件有限公司© 版权所有